Gestión de riesgos financieros un enfoque práctico para países latinoamericanos
| Main Authors: | , , |
|---|---|
| Format: | Section = Libro |
| Language: | Undetermined Spanish |
| Published: |
New York
Interamericano
1999
|
| Subjects: |
| LEADER | 00667nam a2200229Ia 4500 | ||
|---|---|---|---|
| 008 | 241007s9999||||xx |||||||||||||| ||und|| | ||
| 020 | |a 1-886938-47-4 | ||
| 040 | |a BIBLIOTECA-RURC/ 338.5 G393 | ||
| 041 | |a spa | ||
| 082 | |a 338.5 G393 | ||
| 100 | 1 | |a Soler Ramos ,José A | |
| 100 | 1 | |b Ayuso Calle, Alfonso. | |
| 100 | 1 | |c Botin Oshea, Emilio | |
| 245 | 1 | 0 | |a Gestión de riesgos financieros un enfoque práctico para países latinoamericanos |
| 260 | |a New York |b Interamericano |c 1999 | ||
| 300 | |a 443 p. :il. | ||
| 650 | 7 | |a RIESGO (ECONOMIA) | |
| 650 | 7 | |b FINANZAS-AMERICA LATINA | |
| 650 | 7 | |c RIESGO (FINANZAS) | |
| 942 | |c BK |2 ddc | ||
| 991 | |a TEXTO | ||
| 999 | |c 14294 | ||